Wastewater Treatment for Pollution Control (Record no. 226576)

000 -LEADER
fixed length control field 00442nam a22001697a 4500
003 - CONTROL NUMBER IDENTIFIER
control field Nust
005 - DATE AND TIME OF LATEST TRANSACTION
control field 20170216102728.0
008 - FIXED-LENGTH DATA ELEMENTS--GENERAL INFORMATION
fixed length control field 170216b xxu||||| |||| 00| 0 eng d
040 ## - CATALOGING SOURCE
Transcribing agency Nust-MCE
082 ## - DEWEY DECIMAL CLASSIFICATION NUMBER
Classification number 628.7
Author Mark ARC
-- L-23, P-15
100 ## - MAIN ENTRY--PERSONAL NAME
Personal name Arceivala Soli J
245 ## - TITLE STATEMENT
Title Wastewater Treatment for Pollution Control
Statement of responsibility, etc. Arceivala Soli J
260 ## - PUBLICATION, DISTRIBUTION, ETC.
Place of publication, distribution, etc. New Delhi
Name of publisher, distributor, etc. Tata McGraw-Hill
Date of publication, distribution, etc. c1986
300 ## - PHYSICAL DESCRIPTION
Other physical details ill
Dimensions 18cm
650 ## - SUBJECT ADDED ENTRY--TOPICAL TERM
Topical term or geographic name entry element MCE
942 ## - ADDED ENTRY ELEMENTS (KOHA)
Koha item type Book
Holdings
Withdrawn status Lost status Source of classification or shelving scheme Damaged status Not for loan Collection code Permanent Location Current Location Shelving location Date acquired Total Checkouts Full call number Barcode Date last seen Price effective from Koha item type
            Institute of Environmental Science and Engineering (IESE) Institute of Environmental Science and Engineering (IESE) General Stacks 11/06/2017   628.168 ARC IESE-897 11/06/2017 11/06/2017 Book
            Institute of Environmental Science and Engineering (IESE) Institute of Environmental Science and Engineering (IESE) General Stacks 11/06/2017   628.7 ARC IESE-800 11/06/2017 11/06/2017 Book
© 2023 Central Library, National University of Sciences and Technology. All Rights Reserved.